| 000 | 00743nam a22001817a 4500 | ||
|---|---|---|---|
| 999 |
_c80663 _d80663 |
||
| 008 | 201130b ||||| |||| 00| 0 eng d | ||
| 040 |
_bger _cSTAFF _erda _aSTAFF |
||
| 041 | _ager | ||
| 100 | _aGutke, Thomas: | ||
| 245 |
_aOnline-Abstimmung zum Bürgerbudget. _bMitbestimmung: 40.000 Euro sind beim Bürgerbudget 2021 zu verteilen. es gibt 42 Vorschläge ... Die Abstimmung läuft vier Wochen / _cThomas Gutke |
||
| 653 | _aFrankfurt (Oder) | ||
| 653 | _aBürgerbudget / Abstimmung | ||
| 773 |
_dFrankfurt (Oder): Märkisches Verlags- und Druckhaus GmbH & Co KG _g32. Jahrgang (2021) Nr. 25 vom 30.01. / 31.01.2021, S. 15: Abb. _tMärkische Oderzeitung |
||
| 942 | _cA | ||